000 00735nam a2200241Ia 4500
008 160819s9999 xx 000 0 und d
050 _aCUL TX 724.5
050 _b.P5A44 2008
100 _aAlejandro, Reynaldo G.
245 _aFiesta! Fiesta!
245 _bfestival foods of the Philippines /
245 _cReynaldo G. Alejadro, Millie Albano Reyes, Vecente Roman S. Santos.
260 _aManila :
260 _bKCC Innovation Inc.,
260 _c2008
300 _a199 pages :
300 _bcolor illustrations ;
300 _c24 cm.
500 _aIncludes bibliographical references.
650 _aCookery, Philippines.
650 _aPhilippines -- Social life and customs.
650 _xFestivals -- Philippines.
999 _c300640
_d300640